Giáo trình kỹ thuật số và mạch logic : Dùng trong các trường THCN /
সংরক্ষণ করুন:
| প্রধান লেখক: | |
|---|---|
| অন্যান্য লেখক: | |
| বিন্যাস: | Sách giấy |
| ভাষা: | Vietnamese |
| প্রকাশিত: |
H. :
NXB. Hà nội,
2006.
|
| বিষয়গুলি: | |
| ট্যাগগুলো: |
ট্যাগ যুক্ত করুন
কোনো ট্যাগ নেই, প্রথমজন হিসাবে ট্যাগ করুন!
|
| Thư viện lưu trữ: | Thư viện Trường Đại học Đà Lạt |
|---|
| LEADER | 00966nam a2200361 4500 | ||
|---|---|---|---|
| 001 | DLU090065724 | ||
| 005 | ##20090416 | ||
| 040 | # | # | |a DLU |b vie |
| 041 | # | # | |a vie |
| 044 | # | # | |a vn |
| 082 | # | # | |a 621.381 5 |b CH-H |
| 100 | # | # | |a Chu Khắc Huy. |
| 245 | # | # | |a Giáo trình kỹ thuật số và mạch logic : |b Dùng trong các trường THCN / |c Chu Khắc Huy, Nguyễn Thị Thu Thuỷ. |
| 260 | # | # | |a H. : |b NXB. Hà nội, |c 2006. |
| 300 | # | # | |a 229 tr. ; |c 24 cm. |
| 504 | # | # | |a Tài liệu tham khảo: tr. 227 |
| 653 | # | # | |a Giáo trình |
| 653 | # | # | |a Kỹ thuật điện tử |
| 653 | # | # | |a Kỹ thuật số |
| 653 | # | # | |a Mạch điện tử |
| 653 | # | # | |a Mạch logic |
| 700 | # | # | |a Nguyễn Thị Thu Thuỷ. |
| 923 | # | # | |a 23/2008 |
| 991 | # | # | |a GT |
| 992 | # | # | |a 31500 |
| 994 | # | # | |a DLU |
| 900 | # | # | |a True |
| 911 | # | # | |a Đào Thị Thu Huyền |
| 925 | # | # | |a G |
| 926 | # | # | |a A |
| 927 | # | # | |a SH |
| 980 | # | # | |a Thư viện Trường Đại học Đà Lạt |